000 00419nam a2200169 a 4500
001 6074
003 CO-ViMGA
008 141112s2004 ck r 000 u spa d
040 _aCO-ViMGA
_bspa
_cCO-ViMGA
082 0 4 _a813.54 C664cf
245 1 0 _aCuración fatal
260 _aBuenos Aires :
_bEmece,
_c1994
300 _a389 p
490 _aGrandes novelistas
650 1 4 _aNOVELA ESTADOUNIDENSE
_9761
942 _2ddc
_cBK
999 _c18048
_d18048